000 00406nam a2200145Ia 4500
008 230411s9999 xx 000 0 und d
020 _a81-312-0862-1
041 _aeng
082 _aMS/616.1207/FRO/MYE/B05037
100 _aMyers Jonathan & Froclicher Victor
_9178416
245 _aExcercise and the Heart
260 _bSaunders company
_aNew Delhi
_c2006
300 _a524p
999 _c155570
_d155570